000 00776nam a22001937a 4500
999 _c371170
_d371170
008 201127b ||||| |||| 00| 0 eng d
040 _aDE-2950
_bger
_cDE-2950
_erda
041 _ager
245 _aMit Klingel für Ungeimpfte:
_bPandemie: Im Einzelhandel gilt 2G. Einkaufen vor Ort ist da nicht mehr für alle möglich - oder doch? So sieht es in Frankfurt aus /
_cRené Matschkowiak und Jacqueline Westermann
264 _c2021
653 _aFrankfurt (Oder)
653 _aPandemie / Corona
653 _aEinzelhandel
773 _dFrankfurt (Oder) Märkisches Verlags- und Druckhaus GmbH & Co KG
_tMärkische Oderzeitung
_g32. Jahrgang (2021) Nr. 281 vom 01.12.2021, S. 13: Foto
942 _cA